| 000 | 00571nam a22002057a 4500 | ||
|---|---|---|---|
| 003 | BUBTL | ||
| 008 | 221130b ||||| |||| 00| 0 eng d | ||
| 020 | _a9788184000566 | ||
| 082 | _a891.734/ D4511c/ 2008 | ||
| 100 |
_94972 _aDesai, Anita |
||
| 245 |
_aCollected Stories : _bAnita Desai |
||
| 250 | _a1st Edn | ||
| 260 |
_aIndia _bRandom House India _cc2008 |
||
| 300 |
_a[xvi],324p. : _b20 cm |
||
| 650 | 0 |
_91994 _aEnglish Literature |
|
| 700 |
_94972 _aDesai, Anita |
||
| 856 |
_k0 _l0 _yDownload |
||
| 942 |
_2ddc _cBK |
||
| 999 |
_c6845 _d6845 |
||